000 00256nam a2200109Ia 4500
999 _c8405
_d8405
020 _a978-1861004765
100 _aLouis Davidson
245 0 _aProfessional SQL Server 2000 Database Design
260 _aUK
_bMcGraw Hill
_c1994
300 _a521
942 _cBK